00408 2200157 4500001002100000008004100021035002000062245004200082100002000124260002800144300002200172020002200194084001400216082000800230990001200238INLIS000000000002760 IND  a0010-0925000107 aSenandung StrawberrycDelisa Novarina aDelisa Novarina aJakartabEutheniac2016 a132c(13 x 19 cm) a978-602-398-010-9 a813 DEL s a813 a0754982